| 000 | 01233nam a2200325 i 4500 | ||
|---|---|---|---|
| 001 | 82092 | ||
| 003 | ES-MaACL | ||
| 005 | 20250808094629.0 | ||
| 007 | t| | ||
| 008 | 041122s2002 sp ao |||| |bspa d | ||
| 020 | _a84-8218-043-6 | ||
| 080 | _a027:351.852(460)"1931/39" | ||
| 100 | 1 |
_aVicens de la Llave, Juan, _d1895-1959 _9114315 _eaut |
|
| 245 | 1 | 0 |
_aEspaña viva : _bel pueblo a la conquista de la cultura / _cJuan Vicens ; traducción, Vladimiro Fernández Tovar. |
| 250 | _a1ª ed. | ||
| 260 |
_aMadrid : _bVosa ; _bAsociación Educación y Bibliotecas, _c2002. |
||
| 300 |
_a145 p. : _bil. ; _c20 cm. |
||
| 490 | 1 | _aDocumentos/sociedad | |
| 505 | _aEstudio introductorio . La larga marcha de Juan Vicens / Ramón Salaberría | ||
| 650 | 1 | 4 |
_aBibliotecas públicas- _zEspaña- _vHistoria. _910552 |
| 650 | 0 | 4 |
_aBibliotecas- _xPolítica gubernamental- _zEspaña- _y1931-1939. _910539 |
| 700 | 1 |
_aFernández Tovar, Vladimiro _etrl _950119 |
|
| 700 | 1 |
_aSalaberría, Ramón. _9101683 _eaut |
|
| 740 | 3 | _aLa larga marcha de Juan Vicéns. | |
| 830 | 0 |
_aDocumentos-sociedad _9180574 |
|
| 852 |
_aES-MaACL _jL-28518 |
||
| 942 |
_2udc _cMONOGRAFIA _n0 |
||
| 999 |
_c82092 _d82092 |
||